| 000 | 00514nam a2200193Ia 4500 | ||
|---|---|---|---|
| 003 | GCL | ||
| 008 | 140319s9999 xx 000 0 eng d | ||
| 040 |
_aGCL / _cGCL |
||
| 082 | 0 | 4 |
_a152.4 _bM P |
| 100 | 1 | _aMCNAUGHTON, NEIL | |
| 245 | 1 | 0 |
_aBIOLOGY AND EMOTION / _cMCNAUGHTON, NEIL |
| 260 |
_a[S.N] : _bCAMBRIBGE UNIVERSITY PRESS ، _c1989 |
||
| 300 | _a228 P | ||
| 490 |
_aPROBLEMS IN THE BEHAVIOURAL _v0 |
||
| 650 | 0 | 4 | _aPHYSIOLOGICAL ASPECTS |
| 650 | 0 | 4 | _aEMOTIONS |
| 650 | 0 | 4 | _aEVOLUTION |
| 942 |
_2ddc _cBK |
||
| 999 |
_c19465 _d19465 |
||